000 00557nam a2200193Ia 4500
005 20250326144843.0
008 250326s9999 xx 000 0 und d
020 _a1-84376-211-0
037 _aTextbook
040 _aFMSL
_beng
_cFMSL
041 _aeng
_2eng
084 _aX:8 P5
_qFMSL
100 _aCasper Steven
_9253654
245 0 _aInnovation and institutions
_cCasper Steven; Waarden Frans Van
260 _aUnited Kingdom
_bUnited Kingdom, Edward Elgar
_c2005
300 _ax,307
942 _cTB
_hX:8 P5
999 _c1305322
_d1305322